Developing effective economic strategies for eco-towns (Record no. 109535)
[ view plain ]
| 000 -LEADER | |
|---|---|
| fixed length control field | 01327cad a22002295a 4500 |
| 001 - CONTROL NUMBER | |
| control field | E147390 |
| 008 - FIXED-LENGTH DATA ELEMENTS--GENERAL INFORMATION | |
| fixed length control field | 090508s2009 xxk f 000 0 eng d |
| 035 ## - SYSTEM CONTROL NUMBER | |
| System control number | (Sirsi) u147390 |
| 041 0# - LANGUAGE CODE | |
| Language code of text/sound track or separate title | eng |
| 050 04 - LIBRARY OF CONGRESS CALL NUMBER | |
| Classification number | 333.72 $2 18 |
| 110 2# - MAIN ENTRY--CORPORATE NAME | |
| Corporate name or jurisdiction name as entry element | Town and Country Planning Association |
| 9 (RLIN) | 3022 |
| 245 00 - TITLE STATEMENT | |
| Title | Developing effective economic strategies for eco-towns |
| Remainder of title | eco-towns economy worksheet, advice to promoters and planners |
| Medium | [electronic resource] |
| 260 ## - PUBLICATION, DISTRIBUTION, ETC. | |
| Place of publication, distribution, etc. | London |
| Name of publisher, distributor, etc. | TCPA |
| Date of publication, distribution, etc. | 2009 |
| 505 2# - FORMATTED CONTENTS NOTE | |
| Formatted contents note | Introduction -- Key parameters -- An economic strategy for eco-towns: essential questions -- Developing an economic strategy for eco-towns -- Components in the strategy --Delivery mechanisms -- Performance measurement -- Annex 1 Further reading |
| 520 ## - SUMMARY, ETC. | |
| Summary, etc. | Aimed at encouraging the development of an appropriate economic strategy for eco-towns, this worksheet sets out the elements to be included in an economic strategy, and the factors to be taken into consideration when setting parameters for the strategy. |
| 521 ## - TARGET AUDIENCE NOTE | |
| Target audience note | Advanced |
| 590 ## - LOCAL NOTE (RLIN) | |
| Local note | KA |
| 651 #4 - SUBJECT ADDED ENTRY--GEOGRAPHIC NAME | |
| Geographic name | England and Wales |
| Chronological subdivision | 1543- |
| 690 ## - LOCAL SUBJECT ADDED ENTRY--TOPICAL TERM (OCLC, RLIN) | |
| Topical term or geographic name as entry element | ENVIRONMENTAL AND LAND CONSULTANCY-SUSTAINABILITY-SUSTAINABLE DEVELOPMENT |
| 856 40 - ELECTRONIC LOCATION AND ACCESS | |
| Uniform Resource Identifier | <a href="https://www.tcpa.org.uk/pages/sustainability-worksheets.html">https://www.tcpa.org.uk/pages/sustainability-worksheets.html</a> |
| Public note | View the worksheet (pdf) free of charge at www.tcpa.org.uk... |
| 942 ## - ADDED ENTRY ELEMENTS (KOHA) | |
| Suppress in OPAC | 0 |
| Withdrawn status | Lost status | Source of classification or shelving scheme | Damaged status | Not for loan | Home library | Current library | Shelving location | Date acquired | Total Checkouts | Full call number | Barcode | Date last seen | Copy number | Price effective from | Koha item type |
|---|---|---|---|---|---|---|---|---|---|---|---|---|---|---|---|
| Dewey Decimal Classification | Virtual | Virtual | Online | 08/05/2009 | ONLINE PUBLICATION | 147390-2001 | 06/08/2019 | 1 | 06/08/2019 | Book |